| 000 | 00445nam a2200169Ia 4500 | ||
|---|---|---|---|
| 005 | 20240921143543.0 | ||
| 008 | 240921s9999||||xx |||||||||||||| ||und|| | ||
| 041 | _aENGLISH | ||
| 082 | _A519.2 N5 | ||
| 100 | _aRichard A Johnson Miller and Frend's | ||
| 245 | 0 | _aProbability and Statistics for Engineers | |
| 250 | _a5 | ||
| 260 |
_c1995 _bPrentice Hall of India,New |
||
| 650 |
_aMathematics _bMathematics |
||
| 942 | _cBB | ||
| 999 |
_c247855 _d247855 |
||